000 00705nam a2200205 i 4500
001 bg
245 0 0 _aKsięga świata :
_batlas : new world edition /
_c[red. Hannelore Anders et al. ; przekł. z niem. Bolesław Dumanowski et al.].
260 _aWarszawa :
_bGeoCenter,
_ccop. 1996.
300 _a[24], 541 s. :
_bfot. kolor., mapy ;
_c52 cm +
_eSkorowidz polskich nazw geograficznych poza granicami kraju : 7, [1] s. ; 30 cm.
504 _aIndeksy.
650 9 _aAtlas geograficzny
700 1 _aANDERS, Hannelore.
_eRed.
020 _a8386146931
040 _cBPK
041 1 _apl
_hde
080 _a912(100)
920 _a83-86146-93-1
942 _cKS
008 s pl f |000 0 pol
999 _c33257
_d33257
856 _uhttp://koha.tu.koszalin.pl/cgi-bin/koha/opac-detail.pl?biblionumber=33257
_yKatalog online BPK